01005nam a22002417a 450000500170000001000130001702000220003003500130005203700160006504000120008108200200009310000290011324500920014226000390023427000550027330000280032850000500035665000980040665000840050494200290058899900190061795201270063620170124110014.0 aB-079324 c00.00a8178290057 aB-079324 bCen Lib/Ret aDPLbEN a305.891420bVER aVerma, Archana B.918408 aThe making of little punjab in Canada :cby Archana B.Vermabpatterns of immigration / aNew DelhibSage Publicationsc2002 bNew DelhiaM-32, Market, Greater Kailash-Ie110048 a254p. :c22cm(Hb)bill. aIncludes bibliographical references and index a Panjabis (South Asian people) -- British Columbia -- History -- 20th century. 918409 aRajput (Indic people) -- British Columbia -- History -- 20th century.z 918410 2ddccENh305.891420mVER c126761d126761 00104070aLbLd2015-06-26eCen Lib/Retg0.00l0o305.891420 VERpB-079324r2015-06-26 00:00:00t1v0.00w2015-06-26yEN